000 00628nam a2200253Ia 4500
005 20260121153929.0
008 008 260114s9999 xx 000 0 eng d
020 _a9781003347170
037 _aEBOOK
040 _aCRL
040 _beng
040 _cCRL
041 _2eng
041 _aeng
084 _qCRL
100 _a Filippo-Enrico Cardini
_91000905
245 0 _aConsciousness and the Cultural Invention of Language
260 _bTaylor and Francis
260 _c2023
856 _uhttp://www.taylorfrancis.com/books/9781003347170
942 _cEBOOK
999 _c1567726
_d1567726